Labour & Industrial Laws (Record no. 28586)
[ view plain ]
| 000 -LEADER | |
|---|---|
| fixed length control field | 00203nam a2200085Ia 4500 |
| 008 - FIXED-LENGTH DATA ELEMENTS--GENERAL INFORMATION | |
| fixed length control field | 170620s9999 xx 000 0 und d |
| 100 ## - MAIN ENTRY--PERSONAL NAME | |
| Personal name | Mishra S. N. |
| 245 #0 - TITLE STATEMENT | |
| Title | Labour & Industrial Laws |
| 260 ## - PUBLICATION, DISTRIBUTION, ETC. | |
| Name of publisher, distributor, etc. | Central Law Pub. |
| 260 ## - PUBLICATION, DISTRIBUTION, ETC. | |
| Date of publication, distribution, etc. | 2002 |
| Withdrawn status | Lost status | Source of classification or shelving scheme | Damaged status | Not for loan | Home library | Current library | Date acquired | Barcode | Date last seen | Price effective from | Koha item type | Total Checkouts | Total Renewals | Date last checked out |
|---|---|---|---|---|---|---|---|---|---|---|---|---|---|---|
| IIMT University College of Law | IIMT University College of Law | 06/29/2017 | 04-B-684 | 06/29/2017 | 06/29/2017 | Text-Book- for 7 days | ||||||||
| IIMT University College of Law | IIMT University College of Law | 06/29/2017 | 04-B-685 | 12/18/2019 | 06/29/2017 | Text-Book- for 7 days | 1 | 2 | 11/05/2019 |

